000 00745nam a2200253 i 4500
001 795555
003 OSt
005 20230619120809.0
008 750102s1974 enka b 001 0 eng
010 _a 74192885
015 _aGB***
020 _a0245521178 :
_c£2.85
040 _aDLC
_cDLC
_dDLC
082 0 0 _a301.3
_bBRO
100 1 _aBrooks, Peter Fred,
_d1927-
245 1 0 _aProblems of the environment :
_ban introduction /
_cby Peter F. Brooks ; with a foreword by B. M. Funnell.
260 _aLondon :
_bHarrap,
_c1974.
300 _a223 p. :
_bill. ;
_c23 cm.
500 _aIncludes index.
504 _aBibliography: p. [213]-214.
650 0 _aPollution.
906 _a7
_bcbc
_corignew
_d3
_encip
_f19
_gy-gencatlg
942 _2ddc
_cBK
999 _c1275
_d1275